<?xml version="1.0" encoding="UTF-8"?><marc:collection xmlns:marc="http://www.loc.gov/MARC21/slim">
  <marc:record>
    <marc:leader>00000nam##2200000za#4500</marc:leader>
    <marc:controlfield tag="001">9.606212</marc:controlfield>
    <marc:controlfield tag="003">CaOODSP</marc:controlfield>
    <marc:controlfield tag="005">20210624212519</marc:controlfield>
    <marc:controlfield tag="007">cr |||||||||||</marc:controlfield>
    <marc:controlfield tag="008">150406|1998||||xxc|||||o    f|0| 0 fre|d</marc:controlfield>
    <marc:datafield tag="040" ind1=" " ind2=" ">
      <marc:subfield code="a">CaOODSP</marc:subfield>
      <marc:subfield code="b">fre</marc:subfield>
    </marc:datafield>
    <marc:datafield tag="043" ind1=" " ind2=" ">
      <marc:subfield code="a">n-cn---</marc:subfield>
    </marc:datafield>
    <marc:datafield tag="086" ind1="1" ind2=" ">
      <marc:subfield code="a">En49-24/1-28F-PDF</marc:subfield>
    </marc:datafield>
    <marc:datafield tag="110" ind1="1" ind2=" ">
      <marc:subfield code="a">Canada.</marc:subfield>
      <marc:subfield code="b">Environnement Canada. </marc:subfield>
      <marc:subfield code="b">Centre de Technologie Environnementale.</marc:subfield>
    </marc:datafield>
    <marc:datafield tag="245" ind1="1" ind2="0">
      <marc:subfield code="a">Méthode d'essai biologique - essais toxicologiques sur des salmonidés (truite arc-en-ciel) aux premiers stades de leur cycle biologique / </marc:subfield>
      <marc:subfield code="h">[ressource électronique]</marc:subfield>
      <marc:subfield code="c">[publié par] Section de l'élaboration et de l'application des méthodes. </marc:subfield>
    </marc:datafield>
    <marc:datafield tag="250" ind1=" " ind2=" ">
      <marc:subfield code="a">Deuxième édition</marc:subfield>
    </marc:datafield>
    <marc:datafield tag="260" ind1=" " ind2=" ">
      <marc:subfield code="a">Ottawa - Ontario : </marc:subfield>
      <marc:subfield code="b">Environnement Canada. </marc:subfield>
      <marc:subfield code="c">Juillet 1998.</marc:subfield>
    </marc:datafield>
    <marc:datafield tag="300" ind1=" " ind2=" ">
      <marc:subfield code="a">129p.</marc:subfield>
      <marc:subfield code="b">figures, glossaire, références, tableaux</marc:subfield>
    </marc:datafield>
    <marc:datafield tag="490" ind1="1" ind2=" ">
      <marc:subfield code="a">Série de la Protection de l'environnement. [Méthodes de référence]</marc:subfield>
      <marc:subfield code="v">SPE 1/RM/28</marc:subfield>
    </marc:datafield>
    <marc:datafield tag="500" ind1=" " ind2=" ">
      <marc:subfield code="a">Le n° de catalogue (En49-24/1-28F) et l'ISBN (0-660-96132-6) de l'édition imprimée ont été incorrectement copiés dans l'édition électronique.</marc:subfield>
    </marc:datafield>
    <marc:datafield tag="546" ind1=" " ind2=" ">
      <marc:subfield code="a">(Abstract in English).</marc:subfield>
    </marc:datafield>
    <marc:datafield tag="590" ind1=" " ind2=" ">
      <marc:subfield code="a">14-01-Supp</marc:subfield>
      <marc:subfield code="b">2014-01-07</marc:subfield>
    </marc:datafield>
    <marc:datafield tag="775" ind1="0" ind2="8">
      <marc:subfield code="t">Biological test method - toxicity tests using early life stages of salmonid fish (rainbow trout) / </marc:subfield>
      <marc:subfield code="w">(CaOODSP)9.577705</marc:subfield>
    </marc:datafield>
    <marc:datafield tag="830" ind1="#" ind2="0">
      <marc:subfield code="a">Série de la Protection de l'environnement. [Méthodes de référence]</marc:subfield>
      <marc:subfield code="v">SPE 1/RM/28</marc:subfield>
      <marc:subfield code="w">(CaOODSP)9.501305</marc:subfield>
    </marc:datafield>
    <marc:datafield tag="856" ind1="4" ind2="0">
      <marc:subfield code="a">http://publications.gc.ca</marc:subfield>
      <marc:subfield code="q">PDF</marc:subfield>
      <marc:subfield code="s">2.58 Mo</marc:subfield>
      <marc:subfield code="u">https://publications.gc.ca/collections/collection_2013/ec/En49-24-1-28-fra.pdf</marc:subfield>
      <marc:subfield code="y">SPE 1/RM/28</marc:subfield>
    </marc:datafield>
  </marc:record>
</marc:collection>
